Die hippokratische Schrift "Über die heilige Krankheit"
| Subtitles: | Über die heilige Krankheit |
|---|---|
| Main Author: | |
| Contributors: | |
| Format: | Print Book |
| Language: | Ancient Greek German |
| Subito Delivery Service: | Order now. |
| Check availability: | HBZ Gateway |
| WorldCat: | WorldCat |
| Interlibrary Loan: | Interlibrary Loan for the Fachinformationsdienste (Specialized Information Services in Germany) |
| Published: |
Berlin
De Gruyter
1968
|
| In: |
Ars medica / 2 (1)
Year: 1968 |
| Series/Journal: | Ars medica / 2
1 |
| Further subjects: | B
Hippocrates 460 - 377 B.C
Collected works
|
MARC
| LEADER | 00000cam a2200000 c 4500 | ||
|---|---|---|---|
| 001 | 1070964158 | ||
| 003 | DE-627 | ||
| 005 | 20241106213411.0 | ||
| 007 | tu | ||
| 008 | 850101s1968 xx ||||| 00| ||grc c | ||
| 035 | |a (DE-627)1070964158 | ||
| 035 | |a (DE-576)000964158 | ||
| 035 | |a (DE-599)BSZ000964158 | ||
| 035 | |a (OCoLC)163937516 | ||
| 035 | |a (OCoLC)602206757 | ||
| 040 | |a DE-627 |b ger |c DE-627 |e rakwb | ||
| 041 | |a grc |a ger | ||
| 084 | |a 0 |2 ssgn | ||
| 084 | |a XB 2800 |2 rvk |0 (DE-625)rvk/152448:12905 | ||
| 100 | 0 | |0 (DE-588)11855140X |0 (DE-627)137876483 |0 (DE-576)161433979 |4 aut |a Hippocrates |d 460 v.Chr.-370 v.Chr | |
| 240 | 1 | 0 | |a De morbo sacro <dt.> |
| 245 | 1 | 4 | |a Die hippokratische Schrift "Über die heilige Krankheit" |c hrsg., übers. und erl. von Hermann Grensemann |
| 246 | 1 | |i Ansetzungssachtitel |a Über die heilige Krankheit | |
| 264 | 1 | |a Berlin |b De Gruyter |c 1968 | |
| 300 | |a XIV, 126 S. | ||
| 336 | |a Text |b txt |2 rdacontent | ||
| 337 | |a ohne Hilfsmittel zu benutzen |b n |2 rdamedia | ||
| 338 | |a Band |b nc |2 rdacarrier | ||
| 490 | 1 | |a Ars medica |a Abteilung 2, Griechisch-lateinische Medizin |v 1 | |
| 500 | |a Text griech. u. dt | ||
| 583 | 1 | |a Archivierung/Langzeitarchivierung gewährleistet |f SSG |x XA-DE-BW |2 pdager |5 DE-21 | |
| 600 | 1 | 0 | |a Hippocrates 460 - 377 B.C |x Collected works |
| 601 | |a Schrift | ||
| 601 | |a Heilige | ||
| 601 | |a Krankheit | ||
| 700 | 1 | |8 1\p |e Hrsg. |0 (DE-588)1102714356 |0 (DE-627)860453618 |0 (DE-576)470305495 |4 edt |a Grensemann, Hermann |d 1932-2015 | |
| 700 | 0 | 2 | |a Hippocrates |d 460 v.Chr.-370 v.Chr |t De morbo sacro <dt.> |
| 830 | 0 | |a Ars medica / 2 |v 1 |9 1 |w (DE-627)130095702 |w (DE-576)00096414X |w (DE-600)501142-5 |x 0571-1355 |7 am | |
| 883 | |8 1\p |a cgwrk |d 20241001 |q DE-101 |u https://d-nb.info/provenance/plan#cgwrk | ||
| 936 | r | v | |a XB 2800 |b Allgemeines |k Medizin |k Geschichte der Medizin |k Epochen und Kulturkreise |k Antike allgemein, Griechen, Römer, Byzanz |k Allgemeines |0 (DE-627)1270880527 |0 (DE-625)rvk/152448:12905 |0 (DE-576)200880527 |
| 951 | |a BO | ||
| ELC | |b 1 | ||
| ITA | |a 1 |t 1 | ||
| LOK | |0 000 xxxxxcx a22 zn 4500 | ||
| LOK | |0 001 2006734954 | ||
| LOK | |0 003 DE-627 | ||
| LOK | |0 004 1070964158 | ||
| LOK | |0 005 20020517000000 | ||
| LOK | |0 008 981210||||||||||||||||ger||||||| | ||
| LOK | |0 040 |a DE-21 |c DE-627 |d DE-21 | ||
| LOK | |0 852 |a DE-21 | ||
| LOK | |0 852 1 |c 8 A 6058 |9 00 | ||
| LOK | |0 935 |a kram |a konv | ||
| LOK | |0 939 |a 10-12-98 |b l01 | ||
| LOK | |0 000 xxxxxcx a22 zn 4500 | ||
| LOK | |0 001 2006734970 | ||
| LOK | |0 003 DE-627 | ||
| LOK | |0 004 1070964158 | ||
| LOK | |0 005 20100407092504 | ||
| LOK | |0 008 050719||||||||||||||||ger||||||| | ||
| LOK | |0 040 |a DE-21-93 |c DE-627 |d DE-21-93 | ||
| LOK | |0 541 |e 68/154 | ||
| LOK | |0 852 |a DE-21-93 | ||
| LOK | |0 852 1 |c Hipp 27 |m p |9 00 | ||
| LOK | |0 935 |a k093 | ||
| LOK | |0 938 |k p | ||
| LOK | |0 939 |a 19-07-05 |b l01 | ||
| LOK | |0 000 xxxxxcx a22 zn 4500 | ||
| LOK | |0 001 2667221230 | ||
| LOK | |0 003 DE-627 | ||
| LOK | |0 004 1070964158 | ||
| LOK | |0 005 20240729155528 | ||
| LOK | |0 008 110314||||||||||||||||ger||||||| | ||
| LOK | |0 040 |a DE-21-45 |c DE-627 |d DE-21-45 | ||
| LOK | |0 541 |e 19733 | ||
| LOK | |0 852 |a DE-21-45 | ||
| LOK | |0 852 1 |c Za 33-2,1 |m p |9 00 | ||
| LOK | |0 852 2 |b U14 |9 00 | ||
| LOK | |0 935 |a k045 |a i045 |a inte | ||
| LOK | |0 938 |k p | ||
| LOK | |0 939 |a 14-03-11 |b l01 | ||
| ORI | |a SA-MARC-ixtheoa001.raw | ||
| REL | |a 1 | ||
| SUB | |a REL | ||



